| 000 | 00734nam a22002417a 4500 | ||
|---|---|---|---|
| 003 | UA-OsUOA | ||
| 001 | 27853 | ||
| 007 | ta | ||
| 008 | 20040915b un ||||| |||| 00| 0 ukr d | ||
| 100 | _aГан Я. | ||
| 090 |
_a929:792 _bГ19 |
||
| 942 | _cBK | ||
| 040 |
_aUA-OsUOA _brus _cUA-OsUOA _dUA-OsUOA |
||
| 245 |
_aАлександр Иванович Сердюк _bНародный артист СССР |
||
| 300 |
_a44 с. _bІлюстрації |
||
| 955 | _a0 | ||
| 041 | _arus | ||
| 080 | _a929:792 | ||
| 260 |
_aКиїв _bДержавне видавництво образотворчого мистецтва і музичної літератури УРСР _c1960 |
||
| 044 | _aRU | ||
| 650 | 7 | _2UDC | |
| 999 |
_c314205 _d314205 |
||